000 00329nam a2200133Ia 4500
005 20260328104258.0
008 260328s9999||||xx |||||||||||||| ||und||
100 _aOnetti, Juan Carlos
245 0 _aNovelas Breves /
_cJuan Carlos Onetti
260 _bEterna Cadencia
300 _a347 p.
650 _aARQUITECTURA
942 _cBK
999 _c10523
_d10523